Chemical process control : an introduction to theory and practice (Record no. 11883)

000 -LEADER
fixed length control field 00890pam a2200241 a 4500
001 - CONTROL NUMBER
control field 3295938
005 - DATE AND TIME OF LATEST TRANSACTION
control field 20170105102350.0
008 - FIXED-LENGTH DATA ELEMENTS--GENERAL INFORMATION
fixed length control field 830525s1984 njua b 001 0 eng
010 ## - LIBRARY OF CONGRESS CONTROL NUMBER
LC control number 83011206
020 ## - INTERNATIONAL STANDARD BOOK NUMBER
International Standard Book Number 0131286293
040 ## - CATALOGING SOURCE
Original cataloging agency DLC
Transcribing agency DLC
Modifying agency DLC
050 00 - LIBRARY OF CONGRESS CALL NUMBER
Classification number TP155.75
Item number .S73 1984
082 00 - DEWEY DECIMAL CLASSIFICATION NUMBER
Classification number 660.281
Edition number 19
100 1# - MAIN ENTRY--PERSONAL NAME
Personal name Stephanopoulos, George.
245 10 - TITLE STATEMENT
Title Chemical process control : an introduction to theory and practice
Remainder of title an introduction to theory and practice
Statement of responsibility, etc. George Stephanopoulos.
260 ## - PUBLICATION, DISTRIBUTION, ETC.
Place of publication, distribution, etc. Englewood Cliffs, N.J. :
Name of publisher, distributor, etc. Prentice-Hall,
Date of publication, distribution, etc. c1984.
300 ## - PHYSICAL DESCRIPTION
Extent xxi, 696 p. :
Other physical details ill. ;
Dimensions 24 cm.
440 #0 - SERIES STATEMENT/ADDED ENTRY--TITLE
Title Prentice-Hall international series in the physical and chemical engineering sciences
504 ## - BIBLIOGRAPHY, ETC. NOTE
Bibliography, etc. note Includes bibliographical references and index.
650 #0 - SUBJECT ADDED ENTRY--TOPICAL TERM
Topical term or geographic name entry element Chemical process control.
906 ## - LOCAL DATA ELEMENT F, LDF (RLIN)
a 7
b cbc
c orignew
d 1
e ocip
f 19
g y-gencatlg
942 ## - ADDED ENTRY ELEMENTS (KOHA)
Source of classification or shelving scheme
Koha item type Book
Holdings
Withdrawn status Lost status Damaged status Not for loan Collection code Permanent Location Current Location Shelving location Date acquired Source of acquisition Cost, normal purchase price Total Checkouts Full call number Barcode Date last seen Price effective from Koha item type
          Central Library (CL) Central Library (CL) General Stacks 06/01/2013 Progressive International Agencies 9276.25   660.281 STE SEECS012372 06/06/2013 06/06/2013 Book
© 2023 Central Library, National University of Sciences and Technology. All Rights Reserved.